Mot par définition lettre C - Statistiques

Statistiques générales
  • Ce quiz a été pris 130 fois
  • Le résultat moyen est 5 sur 15
Statistiques - réponses
Définition Réponse % Correct
Grand reptile carnivore, aux pattes courtes, aux mâchoires très longues, vivant dans les eaux chaudes Crocodile
74%
Jeu consistant à faire glisser sur la glace un palet vers une cible Curling
73%
Viande de mauvaise qualité, dure Carne
53%
Maison ou groupe de maisons de mineurs, en Belgique et dans le nord de la France Coron
49%
Fêter avec éclat un événement Célébrer
44%
Homme très riche Crésus
42%
Lieu où deux cours d'eau se réunissent Confluent
37%
Tête ou buste d'enfant porté par deux ailes Chérubin
32%
Cavité naturelle dans le roc Caverne
30%
Chacun des deux magistrats qui se partageaient, à Rome, le pouvoir exécutif au temps de la République Consul
30%
Familier de prendre, voler Choper
23%
Plante vivace aromatique appelée aussi safran des Indes dont le rhizome entre dans la composition du cari Curcuma
23%
Satirique et mordant Caustique
10%
Réunion des cadres d'un parti, d'un syndicat, d'un organisme scientifique Convention
4%
Se dit d'une personne stupide, sotte, incapable Cloche
1%
Aucun quiz correspondant
Distribution des résultats
% des personnes avec chaque résultat
Percentile par nombre de réponses
Votre historique - résultats
Vous n’avez pas pris ce quiz